000 00664nam a2200253Ia 4500
003 OSt
005 20220918164603.0
006 a|||||r|||| 00| 0
007 ta
008 220917b |||||||| |||| 00| 0 eng d
020 _a0691069120
024 _a19,965
037 _cTextual
040 _aARTS
_cARTS
_beng
041 _2eng
_aeng
082 _aO111,3K59:g(R), L1
100 _aStarr G A.
_919587
245 0 _aDefoe and casuistry
260 _aPrinceton
_bPrinceton Uni. press
_c1971
300 _a217p.
_ccm.
650 _aENGLISH LITERATURE
942 _hO111,3K59:g(R), L1
_cTEXL
_2CC
999 _c125454
_d125454